Introductory statistics

Na minha lista:
Detalhes bibliográficos
Autor principal: Welss, Neil A.
Formato: Livro
Idioma:Undetermined
Publicado em: New York Pearson 2005
Assuntos:
Tags: Adicionar Tag
Sem tags, seja o primeiro a adicionar uma tag!
Thư viện lưu trữ: Trung tâm Học liệu Trường Đại học Cần Thơ
LEADER 00528nam a2200205Ia 4500
001 CTU_88950
008 210402s9999 xx 000 0 und d
020 |c 459000 
082 |a 519.1 
082 |b W458 
100 |a Welss, Neil A. 
245 0 |a Introductory statistics 
245 0 |c Neil A. Welss 
260 |a New York 
260 |b Pearson 
260 |c 2005 
650 |a Statistics 
904 |i Năm 
910 |a Sách kèm CD-ROM có số AV.001908 
980 |a Trung tâm Học liệu Trường Đại học Cần Thơ